000 00849nam1a22002171i 4500
001 rc\4202227
005 20260407214441.0
035 _a(NLR Aleph) 008008474
090 _a8685075
_c8685075
100 _a20130415d1954 |||b0rusy50 ca
101 0 _arus
102 _aRU
105 _ay z |||||
200 1 _aСборник единичных расценок...
_e[Введ. с 1 VII 1950 г.]
_eТ. 1
_fРСФСР. М-во пром. продовольственных товаров. "Роспищепромпроект"
210 _aМосква
_cБ. и.
_d1954
215 _d29
710 0 1 _aРСФСР
_bМинистерство промышленности продовольственных товаров
_3RU\NLR\AUTH\8810144150
_9782793
801 0 _aRU
_bNLR
_gpsbo
801 1 _aRU
_bELAR
_2rusmarc
852 _aNLR
_jПт 80.1/68-2
942 _cBOOK